000 01207nam a2200265Ia 4500
003 OSt
005 20220930095057.0
006 a|||||r|||| 00| 0
007 ta
008 220926b |||||||| |||| 00| 0 san d
024 _a71467
037 _cTheses
040 _aCRL
_cCRL
_bsan
041 _2san
_asan
100 _aअनिरूद्ध, ले.
110 _aदिल्ली विश्वविद्यालय. कला संकाय. संस्कृत विभाग
245 0 _aनिघण्टुकोष के पर्यायवाची नाम - पदों में अर्थभिन्नता
_b द्वितीय अध्याय के सन्दर्भ में
246 _aNighaṇṭukoṣh ke paryāyavāchī nām - padoan mean arthabhinnatā: dvitīya adhyāya ke sandarbha mean
260 _c2019
300 _a328पृ0
_ap.
_ccm.
650 _aसंस्कृत साहित्य
700 _aदिल्ली विश्वविद्यालय. कला संकाय. संस्कृत विभाग
942 _cDIS
_2CC
999 _c888283
_d888283